Films d'animation de 2025 en images - Statistiques

Statistiques générales
  • Ce quiz a été pris 56 fois
  • Le résultat moyen est 6 sur 12
Statistiques - réponses
Par images Réponse % Correct
Zootopie 2
98%
Les Schtroumpfs, le film
77%
KPop Demon Hunters
74%
Les Bad Guys 2
68%
Demon Slayer: Kimetsu no Yaiba : La Forteresse infinie
60%
Elio
58%
Chainsaw Man, le film : L'Arc de Reze
55%
Arco
45%
Amélie et la Métaphysique des tubes
26%
Marcel et Monsieur Pagnol
23%
Ne Zha 2
19%
100 mètres
9%
Aucun quiz correspondant
Distribution des résultats
% des personnes avec chaque résultat
Percentile par nombre de réponses
Votre historique - résultats
Vous n’avez pas pris ce quiz